000 00875cam a22001934a 4500
005 20250605164042.0
008 250528s ||||||||||||||||||||||||d
035 _a17027
020 _a861877519
040 _aGR-AtMCL
_bgre
_dGR-AtMCL
_eAACR2
245 1 _aCultural Imperialism / A Critical Introduction
260 _bPinter Publishers,
_c1994
300 _a190
520 _aA critical introduction to current debates on this issue by focusing on the theoretical, ideological and political assumptions that underpin them. Acknowledgements, The Discourse of Cultural Imperialism, Media Imperialism, Cultural Imperialism and the Discourse of Nationality, The Culture of Capitalism, Modernity and Development and Cultural Fate, Conclusion: From Imperialism to Globalization, Index.
700 1 _aTomlinson John
_93156
942 _cBK
999 _c2467
_d2467